| 000 | 00000nam 2200000zi 4500 |
| 001 | 9.938897 |
| 003 | CaOODSP |
| 005 | 20240719105612 |
| 006 | m o d f |
| 007 | cr cn||||||||| |
| 008 | 240531e202407 oncb ob f000 0 eng d |
| 020 | |a9780660721828 |
| 040 | |aCaOODSP|beng|erda|cCaOODSP |
| 043 | |an-cn--- |
| 086 | 1 |aFs70-6/2024-040E-PDF |
| 245 | 00|aCumulative impact mapping and vulnerability of Canadian marine ecosystems to anthropogenic activities and stressors. |
| 264 | 1|aOttawa : |bCanadian Science Advisory Secretariat, |cJuly 2024. |
| 264 | 4|c©2024 |
| 300 | |a1 online resource (9 pages) : |bmap. |
| 336 | |atext|btxt|2rdacontent |
| 337 | |acomputer|bc|2rdamedia |
| 338 | |aonline resource|bcr|2rdacarrier |
| 490 | 1 |aScience advisory report, |x1919-5087 ; |v2024/040 |
| 500 | |aCaption title. |
| 500 | |aIssued also in French under title: Cartographie des effets cumulatifs et vulnérabilité des écosystèmes marins canadiens aux activités et facteurs de stress anthropiques. |
| 504 | |aIncludes bibliographical references (pages 7-8). |
| 650 | 0|aMarine ecosystem health|zCanada. |
| 650 | 0|aMarine ecosystem management|zCanada. |
| 710 | 2 |aCanadian Science Advisory Secretariat, |eissuing body. |
| 710 | 1 |aCanada. |bDepartment of Fisheries and Oceans. |bNational Capital Region, |eissuing body. |
| 775 | 08|tCartographie des effets cumulatifs et vulnérabilité des écosystèmes marins canadiens aux activités et facteurs de stress anthropiques. |w(CaOODSP)9.938899 |
| 830 | #0|aScience advisory report (Canadian Science Advisory Secretariat)|x1919-5087 ; |v2024/040.|w(CaOODSP)9.506226 |
| 856 | 40|qPDF|s391 KB|uhttps://publications.gc.ca/collections/collection_2024/mpo-dfo/fs70-6/Fs70-6-2024-040-eng.pdf |